zpět

Detail výsledku týmu

Svatobořice KD, Svatobořice

Datum a čas kvízu

32 Celkem bodů Celkový počet nahraných bodů na tomto kvízu bez doplňovacích otázek.
2. Pořadí na kvízu Konečné umístění týmu na tomto kvízu.

Zaznamenané odpovědi

# Otázka Odpověď Body Výsledky
1. Jak se jmenuje politik, který... Marian Jurečka 1
2. Saúdskoarabský korunní princ M... Jeff Bezos 1
3. 71letý zpěvák Ozzy Osbourne oz... Parkinsonova choroba 1
4. Aféra s předraženou zakázkou n... hackathon 1
5. Jak se jmenuje český krasobrus... Michal Březina 1
6. Jelikož se o ostrovech zmiňuje... D 0
7. Nyní se podíváme na souostroví... Země Františka Josefa 0
8. Za jistou formu "ostrova" se d... B C 1
9. Ostrovid je druhové jméno jist... rys 1
10. Jak se jmenoval německý patolo... Paul Langerhans 0